|
|
|
|
| LEADER |
00000nlm0a2200000 4500 |
| 001 |
648069 |
| 005 |
20231215102609.0 |
| 029 |
1 |
0 |
|a RU
|b 2490736
|c Пат.
|d МПК G 21 F 9/34
|
| 035 |
|
|
|a (RuTPU)RU\TPU\network\13226
|
| 035 |
|
|
|a RU\TPU\network\13225
|
| 039 |
0 |
|
|a RU
|b 2012104676/07
|c 20120209
|
| 090 |
|
|
|a 648069
|
| 100 |
|
|
|a 20160506j20130820k y0rusy50 ca
|
| 101 |
0 |
|
|a rus
|
| 102 |
|
|
|a RU
|
| 105 |
|
|
|a a k 000zy
|
| 135 |
|
|
|a drgn ---uucaa
|
| 181 |
|
0 |
|a i
|
| 182 |
|
0 |
|a b
|
| 200 |
1 |
|
|a Устройство для размыва осадков и перемешивания
|f П. М. Гаврилов [и др.]
|g Горно-химический комбинат (ГХК)
|
| 203 |
|
|
|a Текст
|c электронный
|
| 300 |
|
|
|a опубл. 20.08.13
|
| 330 |
|
|
|a Изобретение относится к атомной промышленности в части переработки радиоактивных отходов, а именно к устройствам для размыва струями жидкости и растворения пульп и осадков, скопившихся на дне емкостей-хранилищ жидких радиоактивных отходов высокого уровня активности, перевода нерастворимой твердой фазы и поддержания ее во взвешенном состоянии перемешиванием с целью дальнейшего извлечения на переработку.
|
| 610 |
1 |
|
|a патенты
|
| 610 |
1 |
|
|a труды учёных ТПУ
|
| 610 |
1 |
|
|a электронный ресурс
|
| 610 |
1 |
|
|a изобретения
|
| 610 |
1 |
|
|a размывы
|
| 610 |
1 |
|
|a осадки
|
| 610 |
1 |
|
|a перемешивание
|
| 610 |
1 |
|
|a атомная промышленность
|
| 610 |
1 |
|
|a переработка отходов
|
| 610 |
1 |
|
|a радиоактивные отходы
|
| 610 |
1 |
|
|a емкости-хранилища
|
| 610 |
1 |
|
|a твердые фазы
|
| 701 |
|
1 |
|a Гаврилов
|b П. М.
|c специалист в области атомной энергетики
|c профессор Томского политехнического университета, доктор технических наук
|f 1960-
|g Петр Михайлович
|3 (RuTPU)RU\TPU\pers\27697
|9 12771
|
| 701 |
|
1 |
|a Гамза
|b Ю. В.
|g Юрий Вячеславович
|
| 701 |
|
1 |
|a Мацеля
|b В. И.
|g Владимир Иванович
|
| 701 |
|
1 |
|a Бараков
|b Б. Н.
|g Борис Николаевич
|
| 701 |
|
1 |
|a Томилин
|b С. В.
|g Сергей Викторович
|
| 701 |
|
1 |
|a Бочкарев
|b В. А.
|g Виталий Александрович
|
| 712 |
0 |
2 |
|a Горно-химический комбинат (ГХК)
|
| 801 |
|
1 |
|a RU
|b 63413507
|c 20120201
|
| 801 |
|
2 |
|a RU
|b 63413507
|c 20160506
|g RCR
|
| 856 |
4 |
|
|u http://www.fips.ru/Archive/PAT/2013FULL/2013.08.20/DOC/RUNWC1/000/000/002/490/736/document.pdf
|
| 942 |
|
|
|c CF
|